Logistics And Supply Chain Management : cases and concepts / (Record no. 396)

000 -LEADER
fixed length control field 00592nam a2200169Ia 4500
008 - FIXED-LENGTH DATA ELEMENTS--GENERAL INFORMATION
fixed length control field 190805s9999||||xx |||||||||||||| ||und||
020 ## - INTERNATIONAL STANDARD BOOK NUMBER
International Standard Book Number 9780333933428
Terms of availability Rs. 375.00
082 04 - DEWEY DECIMAL CLASSIFICATION NUMBER
Classification number 658.5
Item number R1269
245 10 - TITLE STATEMENT
Title Logistics And Supply Chain Management : cases and concepts /
260 ## - PUBLICATION, DISTRIBUTION, ETC. (IMPRINT)
Place of publication, distribution, etc Chennai :
Name of publisher, distributor, etc MacMillan Publishers India Ltd.,
Date of publication, distribution, etc 2000, reprinted 2010
300 ## - PHYSICAL DESCRIPTION
Extent xxii, 424 p.
Other physical details : ill.
Dimensions ; 24 cm.
650 #0 - SUBJECT ADDED ENTRY--TOPICAL TERM
Topical term or geographic name as entry element Business logistics
General subdivision Management
Form subdivision Textbooks
700 1# - ADDED ENTRY--PERSONAL NAME
Personal name Raghuram, G.
700 1# - ADDED ENTRY--PERSONAL NAME
Personal name Rangaraj, N.
852 ## - LOCATION/CALL NUMBER
Location
942 ## - ADDED ENTRY ELEMENTS (KOHA)
Item type Books
Holdings
Withdrawn status Lost status Damaged status Not for loan Collection code Permanent location Current location Shelving location Date acquired Source of acquisition Cost, normal purchase price Total Checkouts Full call number Barcode Date last seen Date last borrowed Koha item type Public note Source of classification or shelving scheme Total Renewals
        Management Studies IMU Kochi Library IMU Kochi Library General Stacks 2019-06-19 Educational Supplies 375.00 4 658.5 R1269 BK005558 2025-02-03 2025-02-03 Books Gen. Shelf-35, Row-2    
        Management Studies IMU Kochi Library IMU Kochi Library General Stacks 2019-06-19 Educational Supplies 375.00 6 658.5 R1269 BK005559 2025-09-12 2025-09-12 Books Gen. Shelf-35, Row-2   2
        Management Studies IMU Kochi Library IMU Kochi Library General Stacks 2019-06-19 Educational Supplies 375.00 6 658.5 R1269 BK005560 2025-05-30 2025-05-15 Books Gen. Shelf-35, Row-2   1
        Management Studies IMU Kochi Library IMU Kochi Library General Stacks 2019-06-19 Educational Supplies 375.00 3 658.5 R1269 BK005557 2025-01-23 2025-01-23 Books Gen. Shelf-35, Row-2   3
        Management Studies IMU Kochi Library IMU Kochi Library General Stacks 2011-11-24 M/s Anand Enterprises (Inv. No.948 dt.2012-02-10) 375.00 4 658.5 R1269 BK002000 2025-02-07 2025-01-23 Books Gen. Shelf-35, Row-2   1
        Management Studies IMU Kochi Library IMU Kochi Library General Stacks 2011-11-24 M/s Anand Enterprises (Inv. No. 948 dt. 2012-02-10) 375.00 5 658.5 R1269 BK002001 2025-02-03 2025-01-22 Books Gen. Shelf-35, Row-2   2


Copyright © All Rights Reserved by Indian Maritime University, Kochi Campus.
For any Suggestions/Query Contact to library or Email: library.kochi@imu.ac.in Ph:(0484)-2989402
(Web OPAC Designed by Rudra Ranjan. Maintained by IMU Kochi Library)

Powered by Koha